000 00655nam a2200205Ia 4500
001 16977
003 GE_BSU
008 181216s||||||||xx |||||||||||||| ||und||
040 _cGE_BSU
080 _a821.353.1-1 + 821.353.1-11
100 _aაბაშიძე, გრიგოლ (1914-1994)
245 _aრჩეული. ლექსები, პოემები
245 _cრედ. მ.არაბული
260 _aთბილისი
260 _bნაკადული
260 _c1974
300 _a372გვ. ; 17სმ.
653 _aრჩეული. ლექსები, პოემები.
942 _cBK
999 _c50039
_d50039